| 000 | 00887nam a22002537a 4500 | ||
|---|---|---|---|
| 003 | URS | ||
| 005 | 20260326151010.0 | ||
| 008 | 260317b |||||||| |||| 00| 0 eng d | ||
| 020 | _a156898233x | ||
| 020 | _a9781568982335 | ||
| 040 |
_aDLC _beng _cDLC _dURS _erda |
||
| 050 | 1 | 4 |
_aE185.86 _b.Si86 2001 |
| 100 | 1 |
_aBarton, Craig E. _eeditor, |
|
| 245 |
_aSites of memory: _bperspectives on architecture and race/ _cedited by Craig E. Barton.- |
||
| 264 | 1 |
_aNew York: _bPrinceton Architectural Press, _cc2001. |
|
| 300 |
_av, 193 pages: _billustrations (black and white); _c22 cm |
||
| 336 |
_2rdacontent _atext _btxt |
||
| 337 |
_2rdamedia _aunmediated _bn |
||
| 338 |
_2rdacarrier _avolume _bnc |
||
| 500 | _aIncludes biographical references about the contributor. | ||
| 650 | 0 | _aAfro-American architecture | |
| 650 | 0 | _aRace | |
| 942 |
_2lcc _cFR _hE185.86 _i.Si86 2001 |
||
| 999 |
_c99208 _d99205 |
||